| 000 | 00440nam a2200133Ia 4500 | ||
|---|---|---|---|
| 008 | 250506s9999 xx 000 0 und d | ||
| 024 | _a15B-075-BS, 15B-077-BS & 15B-101-BS | ||
| 082 | _a005.199072 UZA | ||
| 100 | _aS.M. Uzair, Faizan Abbasi & Areeb Iqbal | ||
| 245 | 0 | _aImage Detection with Real Time Object Classification | |
| 260 |
_aKarachi: _bUIT, _c2015 |
||
| 600 | _aComputer Science | ||
| 650 | _aBachelor of Computer Science (BS) | ||
| 999 |
_c28885 _d28885 |
||